[Event "388 Stay Safe Play From Home series"]
[Site "Emanuel Lasker Arena"]
[Date "2020.08.17"]
[Round "8"]
[White "Mepe_Nika"]
[Black "Greblha"]
[Result "1-0"]
[WhiteElo "2409"]
[BlackElo "1934"]
[Annotator "TA"]
[PlyCount "113"]
[EventDate "2020.08.17"]
[EventType "swiss (blitz)"]

{[%evp 15,112,43,32,13,0,0,-8,-30,-37,-18,-25,-70,-68,-90,-81,-81,-27,-29,0,-58,35,-3,-3,-4,0,0,0,0,25,-4,12,8,355,0,8,0,12,18,385,0,0,17,365,166,337,355,321,-2,0,0,0,0,0,0,73,70,91,31,40,20,751,748,761,739,769,731,1827,1601,1865,2452,2186,2425,2253,1928,12837,12837,12837,10637,6211,8862,6721,3934,12840,12840,12841,12831,29994,29995,29995,29995,29996,29997,29997,29995,29997,29998,29998,29999,29999]} 1. d4 c6 2. e4 d5 3. exd5 cxd5 4. Bd3 Nc6 5. c3 g6 6. Bf4 Bg7 7. Nf3 Nh6 8. O-O O-O 9. Nbd2 {B13: Caro-Kann: Exchange Variation and Panov-Botvinnik Attack.} f6 10. Qb3 Nf7 11. Rfe1 {The position is equal.} e5 {[#]} 12. dxe5 $146 ({Predecessor:} 12. Bg3 e4 13. Nxe4 dxe4 14. Bxe4 Kh8 15. Nh4 f5 16. Bd5 Na5 17. Qb5 a6 18. Qc5 {½-½ (61) Golecki,J (1532)-Lada,I (1964) Polanica Zdroj 2013}) 12... fxe5 13. Bg3 e4 14. Nxe4 dxe4 15. Bxe4 Na5 (15... Qb6 $17) 16. Qc2 Nc6 17. h4 ({Better is} 17. Qb3 $11) 17... Re8 {[#]} (17... Bg4 $15) 18. h5 $1 {[%mdl 512]} Bf5 {With the idea ...Bxe4.} (18... gxh5 19. Bxh7+) 19. hxg6 hxg6 20. Bxf5 gxf5 21. Qxf5 Qf6 22. Qg4 Rxe1+ 23. Rxe1 Rf8 $2 {[%mdl 8192]} (23... Nh6 $11 {and Black stays safe.} 24. Qa4 Qf7) 24. Bh4 $2 (24. Re6 $18 Nh6 25. Qc4 (25. Rxf6 Nxg4 26. Rd6 Rf5 $11)) 24... Qh6 25. Re6 Qh7 26. Bf6 Qb1+ $2 {[%mdl 8192] [#]} (26... Nh6 $11 {and Black is okay.} 27. Qg5 Nf5) 27. Kh2 $2 ({White has to play} 27. Ne1 $1 $18 {[%csl Gf6][%cal Rg4g7]} Ng5 28. Bxg5) 27... Qh7+ $11 28. Nh4 {Black must now prevent Bxg7.} Ncd8 $2 {[%mdl 8192]} (28... Nh6 $1 $11 29. Qg5 Nd8 {[%mdl 64] Decoy} 30. Bxd8 Nf7 {[%mdl 64] Double Attack}) 29. Re7 (29. Re3 $142 {Strongly threatening Rg3.} Qh6 30. Bxg7 Qxg7 31. Qc4) 29... Kh8 $2 {[#]} (29... Qh6) 30. Bxg7+ $1 $18 Qxg7 31. Qxg7+ $2 (31. Ng6+ $18 Kg8 32. f4) 31... Kxg7 $11 32. g4 Kf6 33. Re3 Rh8 34. Kg3 Kg7 (34... Nd6 $11 {keeps the balance.}) 35. f4 $16 {[%mdl 1024] White has strong compensation.} Nc6 36. Nf5+ (36. Re6 $16) 36... Kf6 $14 37. Nd4 Nd6 $2 {[%mdl 8192] Black is on the road to losing.} (37... Nxd4 $11 38. g5+ Kf5 39. cxd4 Rd8) 38. Re6+ $18 {[%mdl 64] Double Attack} Kf7 39. Rxd6 Nxd4 40. Rxd4 {[%mdl 4096] Endgame KR-KR} Rb8 41. g5 Ke6 42. Kg4 Rf8 43. Re4+ Kd5 44. Re5+ Kc4 45. g6 Kd3 46. Kg5 Kc2 47. Re2+ Kd3 48. Re7 Kc2 49. Rxb7 Kc1 50. g7 Kc2 51. gxf8=Q {White mates.} Kb1 52. Rxa7 Ka1 53. Qd6 Kxb2 54. c4 Ka1 55. Qd2 {[%cal Rd2c1]} Kb1 56. Re7 {[%cal Re7e1]} Ka1 57. Re1# {Accuracy: White = 67%, Black = 34%.} 1-0

[Event "388 Stay Safe Play From Home series"]
[Site "Emanuel Lasker Arena"]
[Date "2020.08.17"]
[Round "8"]
[White "IceQueen"]
[Black "AChessPlayer"]
[Result "1-0"]
[WhiteElo "2312"]
[BlackElo "2414"]
[Annotator "TA"]
[PlyCount "69"]
[EventDate "2020.08.17"]
[EventType "swiss (blitz)"]

{[%evp 15,68,16,19,13,46,19,37,35,41,21,11,0,4,-43,-49,-52,-48,-46,-34,-30,-38,-231,-223,-225,-226,-225,-23,-18,45,59,103,93,106,108,350,347,406,352,352,352,471,468,474,472,459,435,29987,1259,29977,687,827,599,29977,29978,29999]} 1. e4 c6 2. d4 d5 3. Nc3 dxe4 4. Nxe4 Nf6 5. Nxf6+ exf6 6. c3 Bd6 7. Bd3 O-O 8. Ne2 Re8 9. Qc2 {B15: Caro-Kann: 3 Nc3: 3...g6 and 3...dxe4 4 Nxe4 Nf6 5 Nxf6+ exf6.} h5 (9... f5 $5) 10. Be3 Nd7 11. O-O-O {White is slightly better.} Nf8 12. h3 Be6 13. Kb1 b5 {[#]} 14. Bf4 $146 (14. g4 {looks sharper.} h4 15. Be4 Rc8 16. d5 cxd5 17. Bxd5 Qc7 18. Be4) ({Predecessor:} 14. Rhg1 Qd7 15. g4 h4 16. g5 f5 17. d5 Bxd5 18. Bxf5 Qc7 19. Rg4 Ng6 20. Nd4 {½-½ (67) Gutenev,A (2456)-Indjic,A (2604) Sochi 2018}) 14... a5 {[%cal Ba7a5,Ba5a4][%mdl 32]} 15. Bxd6 Qxd6 16. g3 a4 17. Nf4 g6 18. a3 $2 (18. Nxe6 $15 Nxe6 19. Be4) 18... Bb3 $19 {[%mdl 64] [#] Skewer} 19. Qd2 Bxd1 20. Rxd1 h4 $2 ({Black should play} 20... Ne6 $19 21. Ng2 f5) 21. gxh4 $11 f5 (21... Ne6 $11 22. Nxe6 Rxe6) 22. h5 $14 Rad8 23. hxg6 fxg6 24. Rg1 Kg7 $2 (24... Rd7 $16) 25. Bxf5 $18 Re7 26. Bxg6 {Be8+ is the strong threat.} Kh8 {Black wants to play ...Rg7.} 27. Bd3 Rg7 28. Rxg7 Kxg7 29. Nh5+ Kf7 30. Qg5 {aiming for Qg7+.} Re8 (30... Rb8 $18 31. Bf5 Rb6) 31. Qg7+ Ke6 {[#]} 32. f4 (32. Bf5+ $142 $1 {[%mdl 512]} Kd5 (32... Kxf5 33. Qg4#) 33. Nf6+ Qxf6 34. Qxf6 Re1+ 35. Kc2 Ne6 36. Kd2 Re4 37. Bxe4+ Kd6 38. Bf5) 32... Qe7 33. Qe5+ Kd7 34. Bf5+ Kd8 35. Qb8# {Accuracy: White = 74%, Black = 45%.} 1-0

[Event "388 Stay Safe Play From Home series"]
[Site "Emanuel Lasker Arena"]
[Date "2020.08.17"]
[Round "8"]
[White "Padmaesh M K"]
[Black "Lazieri3"]
[Result "1-0"]
[WhiteElo "1833"]
[BlackElo "2118"]
[PlyCount "59"]
[EventDate "2020.08.17"]
[EventType "swiss (blitz)"]

1. g3 {[%emt 0:00:02]} c6 {[%emt 0:00:00]} 2. c4 {[%emt 0:00:01]} d5 {[%emt 0:00:00]} 3. cxd5 {[%emt 0:00:01]} cxd5 {[%emt 0:00:01]} 4. Bg2 {[%emt 0:00:00]} Nc6 {[%emt 0:00:01]} 5. Nf3 {[%emt 0:00:00]} Nf6 {[%emt 0:00:00]} 6. Nc3 {[%emt 0:00:00]} Bf5 {[%emt 0:00:00]} 7. d4 {[%emt 0:00:00]} e6 {[%emt 0:00:01]} 8. Bf4 {[%emt 0:00:01]} h6 {[%emt 0:00:01]} 9. Ne5 {[%emt 0:00:00]} Bd6 {[%emt 0:00:01]} 10. Qa4 {[%emt 0:00:02]} Bxe5 {[%emt 0:00:02]} 11. Bxe5 {[%emt 0:00:02]} O-O {[%emt 0:00:01]} 12. O-O {[%emt 0:00:01]} Nxe5 {[%emt 0:00:02]} 13. dxe5 {[%emt 0:00:01]} Nd7 {[%emt 0:00:01]} 14. e4 {[%emt 0:00:01]} dxe4 {[%emt 0:00:03]} 15. Bxe4 {[%emt 0:00:00]} Nxe5 {[%emt 0:00:02]} 16. Rfe1 {[%emt 0:00:03]} Bxe4 {[%emt 0:00:02]} 17. Qxe4 {[%emt 0:00:00]} Nc6 {[%emt 0:00:01]} 18. Rad1 {[%emt 0:00:02]} Qf6 {[%emt 0:00:01]} 19. Qg2 {[%emt 0:00:04]} Rfd8 {[%emt 0:00:01]} 20. Ne4 {[%emt 0:00:01]} Qxb2 {[%emt 0:00:02]} 21. Nd6 {[%emt 0:00:03]} Qxa2 {[%emt 0:00:06]} 22. Qf3 {[%emt 0:00:03]} Rab8 {[%emt 0:00:05]} 23. Qxf7+ {[%emt 0:00:02]} Kh8 {[%emt 0:00:03]} 24. Qg6 {[%emt 0:00:02]} Rf8 {[%emt 0:00:04]} 25. Nf7+ {[%emt 0:00:01]} Kg8 {[%emt 0:00:07]} 26. Rd7 {[%emt 0:00:05]} Qb2 {[%emt 0:00:07]} 27. Nxh6+ {[%emt 0:00:05]} Kh8 {[%emt 0:00:00]} 28. Nf7+ {[%emt 0:00:02]} Kg8 {[%emt 0:00:01]} 29. Rf1 {[%emt 0:00:02]} Rbe8 {[%emt 0:00:02]} 30. Ng5 {[%emt 0:00:01] Time Time Time (Lag: Av=0.61s, max=0.9s) (Lag: Av=0.61s, max=0.9s) (Lag: Av=0.61s, max=0.9s)} 1-0

[Event "388 Stay Safe Play From Home series"]
[Site "Emanuel Lasker Arena"]
[Date "2020.08.17"]
[Round "8"]
[White "ROOPAL79"]
[Black "Stefanone"]
[Result "0-1"]
[WhiteElo "1660"]
[BlackElo "1988"]
[Annotator "NA"]
[PlyCount "44"]
[EventDate "2020.08.17"]
[EventType "swiss (blitz)"]

1. d4 {[%emt 0:00:01]} d6 {[%emt 0:00:00]} 2. c4 {[%emt 0:00:02]} Nc6 {[%emt 0:00:00]} 3. Nc3 {[%emt 0:00:01]} e5 {[%emt 0:00:01]} 4. e3 {[%emt 0:00:01]} g6 {[%emt 0:00:01]} 5. Nf3 {[%emt 0:00:00]} Bg7 {[%emt 0:00:01]} 6. Bd3 {[%emt 0:00:01]} f5 {[%emt 0:00:01]} 7. d5 {[%emt 0:00:00]} Nce7 {[%emt 0:00:01]} 8. e4 {[%emt 0:00:02]} Nf6 {[%emt 0:00:01]} 9. Be3 {[%emt 0:00:01]} f4 {[%emt 0:00:01]} 10. Bd2 {[%emt 0:00:02]} O-O {[%emt 0:00:01]} 11. O-O {[%emt 0:00:01]} h6 {[%emt 0:00:01]} 12. Qc2 {[%emt 0:00:00]} g5 {[%emt 0:00:01]} 13. Ne1 {[%emt 0:00:01]} g4 {[%emt 0:00:01]} 14. f3 {[%emt 0:00:01]} g3 {[%emt 0:00:02]} 15. h3 {[%emt 0:00:02]} Nh7 {[%emt 0:00:04]} 16. Qb3 {[%emt 0:00:02]} Ng5 {[%emt 0:00:00]} 17. Nc2 {[%emt 0:00:01]} Qd7 {[%emt 0:00:01]} 18. Nb4 {[%emt 0:00:02]} Nxh3+ {[%emt 0:00:00]} 19. Kh1 {[%emt 0:00:02]} Nf2+ {[%emt 0:00:01]} 20. Kg1 {[%emt 0:00:03]} Qe8 {[%emt 0:00:01]} 21. Be1 {[%emt 0:00:03]} Qh5 {[%emt 0:00:03]} 22. Bxf2 {[%emt 0:00:01]} Qh2# {[%emt 0:00:01] Mate Mate Mate} 0-1

[Event "388 Stay Safe Play From Home series"]
[Site "Emanuel Lasker Arena"]
[Date "2020.08.17"]
[Round "8"]
[White "Trotsky"]
[Black "Fat Kevin"]
[Result "0-1"]
[WhiteElo "1577"]
[BlackElo "1982"]
[PlyCount "70"]
[EventDate "2020.08.17"]
[EventType "swiss (blitz)"]

1. d4 {[%emt 0:00:01]} c5 {[%emt 0:00:00]} 2. e3 {[%emt 0:00:00]} cxd4 {[%emt 0:00:00]} 3. exd4 {[%emt 0:00:01]} Nf6 {[%emt 0:00:00]} 4. c4 {[%emt 0:00:01]} d5 {[%emt 0:00:00]} 5. Nc3 {[%emt 0:00:01]} dxc4 {[%emt 0:00:01]} 6. Bxc4 {[%emt 0:00:02]} e6 {[%emt 0:00:00]} 7. Be3 {[%emt 0:00:01]} Nc6 {[%emt 0:00:00]} 8. a3 {[%emt 0:00:01]} Be7 {[%emt 0:00:00]} 9. Nf3 {[%emt 0:00:01]} O-O {[%emt 0:00:00]} 10. Qc2 {[%emt 0:00:01]} a6 {[%emt 0:00:01]} 11. Bd3 {[%emt 0:00:01]} Bd7 {[%emt 0:00:02]} 12. Ng5 {[%emt 0:00:01]} h6 {[%emt 0:00:01]} 13. h4 {[%emt 0:00:01]} Rc8 {[%emt 0:00:02]} 14. O-O-O {[%emt 0:00:01]} Nd5 {[%emt 0:00:01]} 15. Bh7+ {[%emt 0:00:02]} Kh8 {[%emt 0:00:02]} 16. Bg8 {[%emt 0:00:01]} f5 {[%emt 0:00:08]} 17. Bf7 {[%emt 0:00:04]} Bxg5 {[%emt 0:00:04]} 18. hxg5 {[%emt 0:00:01]} Rxf7 {[%emt 0:00:01]} 19. g6 {[%emt 0:00:04]} Rf6 {[%emt 0:00:02]} 20. Bxh6 {[%emt 0:00:02]} Kg8 {[%emt 0:00:02]} 21. Bg5 {[%emt 0:00:06]} Nce7 {[%emt 0:00:08]} 22. Rh7 {[%emt 0:00:02]} Nxg6 {[%emt 0:00:03]} 23. Rdh1 {[%emt 0:00:02]} Be8 {[%emt 0:00:07]} 24. Qd3 {[%emt 0:00:01]} Nxc3 {[%emt 0:00:01]} 25. bxc3 {[%emt 0:00:01]} Qc7 {[%emt 0:00:01]} 26. Qh3 {[%emt 0:00:05]} Qxc3+ {[%emt 0:00:01]} 27. Qxc3 {[%emt 0:00:03]} Rxc3+ {[%emt 0:00:00]} 28. Kd2 {[%emt 0:00:01]} Rxa3 {[%emt 0:00:01]} 29. Bxf6 {[%emt 0:00:01]} gxf6 {[%emt 0:00:00]} 30. Rb1 {[%emt 0:00:05]} Ra2+ {[%emt 0:00:00]} 31. Kc1 {[%emt 0:00:03]} b5 {[%emt 0:00:00]} 32. Rh6 {[%emt 0:00:01]} Rxf2 {[%emt 0:00:00]} 33. Rb2 {[%emt 0:00:01]} Rf1+ {[%emt 0:00:01]} 34. Kc2 {[%emt 0:00:01]} Rf2+ {[%emt 0:00:00]} 35. Kb3 {[%emt 0:00:01]} Rxb2+ {[%emt 0:00:00] Âðåìÿ Âðåìÿ Âðåìÿ (Lag: Av=0.37s, max=0.8s) (Lag: Av=0.37s, max=0.8s) (Lag: Av=0.37s, max=0.8s)} 0-1

[Event "388 Stay Safe Play From Home series"]
[Site "Emanuel Lasker Arena"]
[Date "2020.08.17"]
[Round "9"]
[White "Mepe_Nika"]
[Black "Padmaesh M K"]
[Result "1-0"]
[WhiteElo "2411"]
[BlackElo "1862"]
[Annotator "TA"]
[PlyCount "61"]
[EventDate "2020.08.17"]
[EventType "swiss (blitz)"]

{[%evp 13,61,14,13,10,11,8,22,14,47,32,37,26,51,-1,46,-16,17,20,10,8,28,0,91,39,53,0,0,-91,-100,-139,0,0,0,0,0,-339,-254,-291,-240,-304,-239,-449,-437,-562,-516,-541,1666,-2799,1560,1438]} 1. d4 e6 2. Nf3 d5 3. Bf4 Nf6 4. e3 Bd6 5. Bxd6 Qxd6 6. c4 Nbd7 7. Nc3 c6 8. Qc2 {D35: Queen's Gambit Declined: Exchange Variation.} O-O 9. Be2 dxc4 10. Bxc4 {The position is equal.} b5 11. Bd3 Bb7 12. O-O a6 {[#]} 13. Rfd1 $146 (13. Ng5 $14) ({Predecessor:} 13. Ng5 h6 14. Nge4 Nxe4 15. Nxe4 Qe7 16. h3 f5 17. Nc5 Nxc5 18. Qxc5 Qxc5 19. dxc5 {0-1 (28) Dvoracek,J (1328)-Khadash,S (1519) Loucna nad Desnou 2017}) 13... Qc7 14. e4 (14. a4 $14) 14... e5 15. Rac1 exd4 16. Nxd4 Ne5 17. Nf5 (17. Nd5 $5 {[%cal Rd5c7]} Qd8 {[%mdl 64] Pin} 18. Nxf6+ Qxf6 19. Nb3 $14) 17... Nxd3 (17... Rad8 $11) 18. Rxd3 (18. Qxd3 $16 {Hoping for Nd5!} Bc8 19. Qd6 Qxd6 20. Nxd6) 18... c5 $14 19. Rg3 (19. Nd6 $14) 19... g6 $11 20. Re1 (20. Qd2 $1 $11 {remains equal.}) 20... Rae8 $17 21. Qc1 Nxe4 {[#]} ({Better is} 21... Bxe4 $17 22. Nh6+ Kh8) 22. Qh6 $1 $11 {[%csl Gf5][%cal Rh6g7][%mdl 512]} Qe5 $1 {[%cal Re5f5]} ({Don't go for} 22... f6 $2 23. Rxg6+ $1 {[%mdl 512]} hxg6 24. Qxg6+ Kh8 25. Re3 $1 $18 {[%mdl 512]}) 23. Nxe4 $40 {[%mdl 128] Black needs to defend precisely.} Bxe4 24. Nh4 $2 {[%mdl 8192]} (24. Rh3 $11 {and White stays safe.} Qh8 25. Nd6 {[%mdl 64] Double Attack}) 24... Qf6 25. Rge3 Bc6 {...Rxe3 is the strong threat.} 26. Nf3 Rxe3 27. Rxe3 $2 (27. Qxe3 {was the only chance.} Bxf3 28. gxf3) 27... Bxf3 $19 28. Rxf3 Qxb2 {( -> ...Qb1+)} 29. h4 Qc1+ $4 {[%mdl 8192]} (29... Qxa2 $19 30. Qc1 Qd5) 30. Kh2 $4 {[%mdl 8192]} (30. Qxc1 $18 c4 31. Qg5) 30... Qc3 $4 {[%mdl 8192]} (30... Qxh6 $19 31. Rc3 Qxh4+ 32. Kg1 {[#]} Qc4 $1 {[%mdl 512]}) 31. Rxc3 {Never resign too early! Accuracy: White = 39%, Black = 46%.} 1-0

[Event "388 Stay Safe Play From Home series"]
[Site "Emanuel Lasker Arena"]
[Date "2020.08.17"]
[Round "9"]
[White "Hickey"]
[Black "Trotsky"]
[Result "1-0"]
[WhiteElo "2240"]
[BlackElo "1574"]
[PlyCount "57"]
[EventDate "2020.08.17"]
[EventType "swiss (blitz)"]

1. Nf3 {[%emt 0:00:02]} d5 {[%emt 0:00:01]} 2. b3 {[%emt 0:00:00]} e6 {[%emt 0:00:00]} 3. Bb2 {[%emt 0:00:00]} c5 {[%emt 0:00:01]} 4. e3 {[%emt 0:00:00]} Nc6 {[%emt 0:00:01]} 5. Be2 {[%emt 0:00:00]} Qc7 {[%emt 0:00:01]} 6. O-O {[%emt 0:00:01]} Bd7 {[%emt 0:00:01]} 7. c4 {[%emt 0:00:00]} f6 {[%emt 0:00:01]} 8. cxd5 {[%emt 0:00:00]} exd5 {[%emt 0:00:01]} 9. Nc3 {[%emt 0:00:00]} a6 {[%emt 0:00:01]} 10. Nxd5 {[%emt 0:00:02]} Qb8 {[%emt 0:00:06]} 11. Rc1 {[%emt 0:00:03]} Be6 {[%emt 0:00:02]} 12. Nf4 {[%emt 0:00:02]} Qc7 {[%emt 0:00:05]} 13. Nxe6 {[%emt 0:00:03]} Qf7 {[%emt 0:00:05]} 14. Nxf8 {[%emt 0:00:01]} Qxf8 {[%emt 0:00:03]} 15. d4 {[%emt 0:00:00]} O-O-O {[%emt 0:00:02]} 16. Qc2 {[%emt 0:00:03]} b6 {[%emt 0:00:02]} 17. dxc5 {[%emt 0:00:02]} b5 {[%emt 0:00:01]} 18. Qe4 {[%emt 0:00:03]} Kb7 {[%emt 0:00:03]} 19. Nd4 {[%emt 0:00:02]} Rc8 {[%emt 0:00:04]} 20. Bf3 {[%emt 0:00:01]} Ka7 {[%emt 0:00:02]} 21. Nxc6+ {[%emt 0:00:05]} Rxc6 {[%emt 0:00:02]} 22. Qxc6 {[%emt 0:00:01]} Qb8 {[%emt 0:00:02]} 23. Bd4 {[%emt 0:00:02]} Ne7 {[%emt 0:00:02]} 24. Qa8+ {[%emt 0:00:02]} Qxa8 {[%emt 0:00:01]} 25. c6+ {[%emt 0:00:01]} Kb8 {[%emt 0:00:02]} 26. c7+ {[%emt 0:00:00]} Kc8 {[%emt 0:00:01]} 27. Bxa8 {[%emt 0:00:01]} Re8 {[%emt 0:00:04]} 28. Bd5 {[%emt 0:00:04]} f5 {[%emt 0:00:02]} 29. Be6+ {[%emt 0:00:00] Âðåìÿ Âðåìÿ Âðåìÿ (Lag: Av=0.50s, max=1.0s) (Lag: Av=0.50s, max=1.0s) (Lag: Av=0.50s, max=1.0s)} 1-0

[Event "388 Stay Safe Play From Home series"]
[Site "Emanuel Lasker Arena"]
[Date "2020.08.17"]
[Round "9"]
[White "Lazieri3"]
[Black "AChessPlayer"]
[Result "0-1"]
[WhiteElo "2089"]
[BlackElo "2392"]
[Annotator "TA"]
[PlyCount "64"]
[EventDate "2020.08.17"]
[EventType "swiss (blitz)"]

{[%evp 9,64,36,30,33,52,52,85,44,79,40,68,75,72,59,56,23,21,26,17,0,12,0,20,8,16,0,45,0,0,0,7,0,14,20,19,-32,-33,-33,-33,-52,-1,-6,-7,-2,0,-181,-182,-188,-182,-486,-480,-464,-426,-384,-269,-346,-318]} 1. e4 c6 2. Nc3 d6 3. d4 g6 4. Be3 Bg7 5. Qd2 b5 6. Nf3 {B06: Modern Defence.} a5 7. a3 {[#]} Nd7 $146 ({Predecessor:} 7... Nf6 8. Bh6 O-O 9. Bxg7 Kxg7 10. d5 Bb7 11. dxc6 Bxc6 12. Bxb5 Bxb5 13. Nxb5 Nxe4 {1-0 (33) Egenolf,D (1939)-Kautz,T (1760) Frankfurt 2017}) 8. Bd3 {White is better.} Rb8 9. Ne2 e5 10. dxe5 dxe5 11. O-O Ngf6 12. Bh6 O-O 13. Bxg7 Kxg7 14. Qe3 Qe7 15. h3 Nc5 16. Rfd1 a4 17. Ng3 h6 18. Rd2 Rd8 19. Rad1 Bb7 20. Kh2 (20. Be2 {seems wilder.} Rd7 21. Rxd7 Nfxd7 22. h4 h5 23. Ng5) 20... Nxd3 21. Rxd3 Rxd3 22. Rxd3 (22. Qxd3 $11 Re8 23. Kg1) 22... c5 $15 23. c3 Bc6 24. Rd2 b4 (24... Nd7 $15) 25. cxb4 $11 cxb4 26. axb4 Rxb4 {[%cal Rf6e4]} 27. Re2 $2 {[#]} (27. Qc3 $11 {and White is okay.} Bxe4 28. Nxe5) 27... Bxe4 $19 28. Nxe4 Rxe4 ({Don't do} 28... Nxe4 29. Qa3 $15) 29. Qxe4 $2 (29. Qd2) 29... Nxe4 30. Rxe4 f6 31. Rxa4 Qb7 32. Ra2 h5 {Accuracy: White = 65%, Black = 75%.} 0-1

[Event "388 Stay Safe Play From Home series"]
[Site "Emanuel Lasker Arena"]
[Date "2020.08.17"]
[Round "9"]
[White "Stefanone"]
[Black "NTBT_DHS"]
[Result "0-1"]
[WhiteElo "1993"]
[BlackElo "2565"]
[Annotator "TA"]
[PlyCount "50"]
[EventDate "2020.08.17"]
[EventType "swiss (blitz)"]

{[%evp 9,49,-10,-5,-22,-16,-16,-14,-10,-6,-16,-3,-6,3,-48,-41,-77,-61,-64,-57,-104,-72,-91,-54,-52,-40,-27,-14,-32,-3,-16,-12,-70,0,0,0,-152,-132,-401,-395,-407,-321,-29999]} 1. d4 Nf6 2. e3 g6 3. f4 Bg7 4. Nf3 O-O 5. Bd3 d5 6. Qe2 {[#] A03: Bird's Opening with 1...d5.} c5 $1 {[%mdl 512] Strongly threatening ...c4.} 7. c3 (7. dxc5 Bg4) 7... b6 8. Nbd2 {The position is equal.} a5 9. Ne5 Ba6 {[#]} 10. Bxa6 $146 ({Predecessor:} 10. O-O Bxd3 11. Qxd3 Na6 12. a3 c4 13. Qc2 b5 14. e4 e6 15. f5 b4 16. axb4 axb4 {0-1 (39) Costa Trave,J (2066)-Van Keulen,O (2113) Barcelona 2014}) 10... Nxa6 11. Ndf3 (11. b3 $11) 11... Nc7 {[%cal Ba6c7,Bc7e8,Be8d6][%mdl 32]} 12. Nd2 Nce8 13. O-O Nd6 14. g4 Nfe4 15. Nef3 f6 16. Nxe4 Nxe4 17. Nd2 Nxd2 18. Bxd2 e5 19. fxe5 fxe5 20. dxe5 ({White should try} 20. dxc5 $11 bxc5 21. Rxf8+ Bxf8 22. Be1) 20... Qh4 ({Black should play} 20... Qe7 $15) 21. e4 $11 d4 22. c4 $2 (22. cxd4 $11 cxd4 23. Bf4) 22... Bxe5 $17 23. Rxf8+ $4 {[%mdl 8192]} (23. Qg2 $17) 23... Rxf8 $19 24. Rf1 Rxf1+ {[%mdl 64] [#] Overworked Piece} 25. Qxf1 $2 (25. Kxf1 $19 Qh3+ 26. Kg1) 25... Qxh2# {Accuracy: White = 60%, Black = 71%.} 0-1

[Event "388 Stay Safe Play From Home series"]
[Site "Emanuel Lasker Arena"]
[Date "2020.08.17"]
[Round "9"]
[White "Fat Kevin"]
[Black "IceQueen"]
[Result "0-1"]
[WhiteElo "1985"]
[BlackElo "2334"]
[PlyCount "64"]
[EventDate "2020.08.17"]
[EventType "swiss (blitz)"]

1. g3 {[%emt 0:00:01]} d6 {[%emt 0:00:00]} 2. Bg2 {[%emt 0:00:00]} Nf6 {[%emt 0:00:00]} 3. c4 {[%emt 0:00:00]} g6 {[%emt 0:00:00]} 4. Nc3 {[%emt 0:00:00]} Bg7 {[%emt 0:00:01]} 5. d4 {[%emt 0:00:00]} O-O {[%emt 0:00:01]} 6. Nf3 {[%emt 0:00:00]} Nbd7 {[%emt 0:00:00]} 7. O-O {[%emt 0:00:00]} e5 {[%emt 0:00:00]} 8. e3 {[%emt 0:00:01]} exd4 {[%emt 0:00:00]} 9. exd4 {[%emt 0:00:00]} Re8 {[%emt 0:00:01]} 10. Bg5 {[%emt 0:00:01]} Nb6 {[%emt 0:00:01]} 11. Qb3 {[%emt 0:00:05]} h6 {[%emt 0:00:01]} 12. Bd2 {[%emt 0:00:03]} Bf5 {[%emt 0:00:00]} 13. Rae1 {[%emt 0:00:01]} Ne4 {[%emt 0:00:01]} 14. Nxe4 {[%emt 0:00:01]} Bxe4 {[%emt 0:00:00]} 15. Be3 {[%emt 0:00:01]} a5 {[%emt 0:00:01]} 16. Nd2 {[%emt 0:00:01]} a4 {[%emt 0:00:00]} 17. Qc3 {[%emt 0:00:01]} Bxg2 {[%emt 0:00:00]} 18. Kxg2 {[%emt 0:00:00]} Qd7 {[%emt 0:00:03]} 19. b3 {[%emt 0:00:01]} axb3 {[%emt 0:00:01]} 20. axb3 {[%emt 0:00:00]} Ra2 {[%emt 0:00:00]} 21. Qc1 {[%emt 0:00:03]} Qc6+ {[%emt 0:00:01]} 22. d5 {[%emt 0:00:02]} Qd7 {[%emt 0:00:04]} 23. Qb1 {[%emt 0:00:01]} Rb2 {[%emt 0:00:01]} 24. Qc1 {[%emt 0:00:02]} Qf5 {[%emt 0:00:01]} 25. Nf3 {[%emt 0:00:01]} Rxb3 {[%emt 0:00:03]} 26. Nd4 {[%emt 0:00:01]} Bxd4 {[%emt 0:00:04]} 27. Bxd4 {[%emt 0:00:00]} Rxe1 {[%emt 0:00:01]} 28. Rxe1 {[%emt 0:00:00]} Qf3+ {[%emt 0:00:01]} 29. Kg1 {[%emt 0:00:02]} Nd7 {[%emt 0:00:08]} 30. Re8+ {[%emt 0:00:05]} Nf8 {[%emt 0:00:00]} 31. Qxh6 {[%emt 0:00:01]} Rb1+ {[%emt 0:00:01]} 32. Re1 {[%emt 0:00:06]} Rxe1# {[%emt 0:00:01] (Lag: Av=0.39s, max=0.5s) (Lag: Av=0.39s, max=0.5s) (Lag: Av=0.39s, max=0.5s)} 0-1

[Event "388 Stay Safe Play From Home series"]
[Site "Emanuel Lasker Arena"]
[Date "2020.08.17"]
[Round "9"]
[White "Greblha"]
[Black "ROOPAL79"]
[Result "1-0"]
[WhiteElo "1932"]
[BlackElo "1646"]
[Annotator "NA"]
[PlyCount "31"]
[EventDate "2020.08.17"]
[EventType "swiss (blitz)"]

1. e4 {[%emt 0:00:00]} c6 {[%emt 0:00:03]} 2. d4 {[%emt 0:00:01]} d5 {[%emt 0:00:01]} 3. exd5 {[%emt 0:00:00]} cxd5 {[%emt 0:00:02]} 4. Bd3 {[%emt 0:00:00]} Nf6 {[%emt 0:00:00]} 5. c3 {[%emt 0:00:00]} Nc6 {[%emt 0:00:01]} 6. Ne2 {[%emt 0:00:00]} e6 {[%emt 0:00:02]} 7. O-O {[%emt 0:00:00]} Bd6 {[%emt 0:00:01]} 8. Qe1 {[%emt 0:00:02]} Qc7 {[%emt 0:00:01]} 9. f3 {[%emt 0:00:01]} Bxh2+ {[%emt 0:00:02]} 10. Kh1 {[%emt 0:00:01]} Nh5 {[%emt 0:00:03]} 11. Qh4 {[%emt 0:00:01]} Ng3+ {[%emt 0:00:02]} 12. Nxg3 {[%emt 0:00:01]} Bxg3 {[%emt 0:00:04]} 13. Qg4 {[%emt 0:00:01]} Bd6 {[%emt 0:00:02]} 14. Nd2 {[%emt 0:00:02]} O-O {[%emt 0:00:03]} 15. Qh5 {[%emt 0:00:07]} Bd7 {[%emt 0:00:00]} 16. Qxh7# {[%emt 0:00:01] (Lag: Av=0.92s, max=1.3s) (Lag: Av=0.92s, max=1.3s) (Lag: Av=0.92s, max=1.3s)} 1-0